Normal view
MARC view
- THE ABU GHRAIB INVESTIGATIONS
Entry Topical Term
001 - CONTROL NUMBER
- control field: 73366
003 - CONTROL NUMBER IDENTIFIER
- control field: NUST
005 - DATE AND TIME OF LATEST TRANSACTION
- control field: 20210628205016.0
008 - FIXED-LENGTH DATA ELEMENTS
- fixed length control field: 210628|| aca||aabn | a|a d
040 ## - CATALOGING SOURCE
- Original cataloging agency: NUST
- Transcribing agency: NUST
150 ## - HEADING--TOPICAL TERM
- Topical term or geographic name entry element: THE ABU GHRAIB INVESTIGATIONS
670 ## - SOURCE DATA FOUND
- Source citation: Work cat.: (NUST): Strasser, Steven 73365, The abu ghraib investigations, the official reports of the independent panel and pentagon on the shocking prisoner anuse in iraq, 2004
